| 000 | 00666nam a22002172 4500 | ||
|---|---|---|---|
| 001 | 0000000997 | ||
| 005 | 20151217151803.0 | ||
| 008 | 070223s xx 000 0 eng d | ||
| 020 | _a0802826547 : | ||
| 040 |
_aKABU _cKABU |
||
| 050 | 0 |
_aBT902 _b.H55 Supp. |
|
| 100 | 1 |
_aHill, Craig C. _@0000149470 |
|
| 245 | 1 | 0 |
_aStudy guide for In God's time : _bthe Bible and the future / _cCraig C. Hill. |
| 246 | 3 | _aIn God's time | |
| 260 |
_aGrand Rapids, Michigan : _bWilliam B. Eerdmans, _cc2003. |
||
| 300 |
_avi, 47 p. ; _c23 cm. |
||
| 650 | 0 |
_aFuture life. _@0000149469 |
|
| 908 | _a070223 | ||
| 950 | _@1 | ||
| 999 |
_c5023 _d5023 |
||